000 00795nam a2200253Ia 4500
003 OSt
005 20221005083706.0
006 a|||||r|||| 00| 0
007 ta
008 221004b |||||||| |||| 00| 0 eng d
020 _a9789386473783 (hbk)
_cINR 595.00
024 _a66699
037 _b1284/2019-20, 18/12/2019, Vitasta Publishing Pvt. Ltd.
_cTextual
040 _aCRL
_cCRL
_beng
041 _2eng
_aeng
082 _aV2:71, R0
100 _aGoswami Karolina Au.
_9612746
245 0 _aDiscovering India
260 _aNew Delhi
_bVitasta Publishing India
_c2020
300 _axii,207p.
_ccm.
650 _aINDIA - HISTORY
942 _hV2:71, R0
_cTEXL
_2cc
999 _c991381
_d991381